Report on the agro-ecological zones project. Vol 1: Methodology and results for Africa
Bewaard in:
| Hoofdauteur: | |
|---|---|
| Formaat: | Boek |
| Taal: | Undetermined |
| Gepubliceerd in: |
Rome
FAO
1978
|
| Onderwerpen: | |
| Tags: |
Voeg label toe
Geen labels, Wees de eerste die dit record labelt!
|
| Thư viện lưu trữ: | Trung tâm Học liệu Trường Đại học Cần Thơ |
|---|
| LEADER | 00536nam a2200181Ia 4500 | ||
|---|---|---|---|
| 001 | CTU_30177 | ||
| 008 | 210402s9999 xx 000 0 und d | ||
| 082 | |a 631.4 | ||
| 082 | |b F218 | ||
| 100 | |a FAO | ||
| 245 | 0 | |a Report on the agro-ecological zones project. Vol 1: Methodology and results for Africa | |
| 245 | 0 | |c FAO | |
| 260 | |a Rome | ||
| 260 | |b FAO | ||
| 260 | |c 1978 | ||
| 650 | |a agricultural crops,agricultural ecology,land utilization | ||
| 904 | |i Liên, 990316 | ||
| 980 | |a Trung tâm Học liệu Trường Đại học Cần Thơ | ||